| 000 | 00691nam a2200217 a 4500 | ||
|---|---|---|---|
| 999 |
_c10277 _d10277 |
||
| 001 | 10277 | ||
| 003 | BD-JhCC | ||
| 005 | 20180423094003.0 | ||
| 008 | 180423s1963 bg |||| ||a| 000 0 ben d | ||
| 035 | _a(BD-JhCC)10277 | ||
| 040 |
_aBD-JhCC _dBD-JhCC |
||
| 041 | _aben | ||
| 082 |
_a338.9 _bGAL 1963 |
||
| 100 | _aগ্যালব্রেথ, জন. কে. | ||
| 245 |
_aবৈষয়িক উন্নয়নের গতিপথে / _cজন. কে. গ্যালব্রেথ, |
||
| 260 |
_aঢাকা : _bষ্টুডেন্টওয়েজ, _c1963 |
||
| 300 |
_a70 p. : _c19 cm. |
||
| 650 | _aEconomic Development | ||
| 942 |
_2ddc _cBK |
||